| 000 | 00502nam a2200169 4500 | ||
|---|---|---|---|
| 001 | 114036 | ||
| 003 | ES-MaACL | ||
| 005 | 20230906190049.0 | ||
| 007 | t| | ||
| 008 | 061121s1979 xxk r ||||1| eng d | ||
| 245 | 0 | 4 |
_aThe Norton anthology of american literature / _cRonald Gottesman [et. al.]. |
| 260 |
_aNew York : _bNorton, _c1979. |
||
| 300 |
_a2 v. ; _c22 cm. |
||
| 650 | 4 |
_aLiteratura norteamericana. _9143149 |
|
| 700 | 1 |
_aGottesman, Ronald. _959291 |
|
| 852 |
_aES-MaACL _jL-7422-3 _bR.108041 |
||
| 999 |
_c114036 _d114036 |
||